Flags of Non-Countries - Statistics

General Stats
  • This quiz has been taken 53 times
  • The average score is 15 of 24
Answer Stats
Picture Answer % Correct
Hong Kong
93%
Isle of Man
91%
Scotland
91%
Wales
89%
Puerto Rico
86%
Greenland
82%
Gibraltar
75%
Faroe Islands
73%
Aruba
66%
Kurdistan
59%
Bermuda
57%
Jersey
57%
Northern Cyprus
57%
Somaliland
57%
Western Sahara
57%
Catalonia
55%
Cook Islands
55%
Tibet
55%
Transnistria
50%
Abkhazia
43%
Antarctica
36%
Ossetia
27%
Sealand
25%
Saint Helena
23%
No matching quizzes found
Score Distribution
Percent of People with Each Score
Percentile by Number Answered
Your Score History
You have not taken this quiz